[Event "GER-chT U16"]
[Site "Magdeburg"]
[Date "2023.12.30"]
[Round "7.4"]
[White "Beyer, Lorenz"]
[Black "Semling, Johannes"]
[Result "1/2-1/2"]
[WhiteElo "2109"]
[BlackElo "2147"]
[PlyCount "37"]
[EventDate "2023.12.26"]
[EventType "team-swiss"]
[EventRounds "7"]
[EventCountry "GER"]
[SourceTitle "CB03_2024"]
[SourceDate "2024.01.17"]
[SourceVersion "1"]
[SourceVersionDate "2024.01.17"]
[SourceQuality "1"]
[WhiteTeam "Barnim Schachfreunde"]
[BlackTeam "Baden-Baden"]
[WhiteTeamCountry "GER"]
[BlackTeamCountry "GER"]

1. d4 Nf6 2. Bf4 d5 3. e3 e6 4. Nf3 Bd6 5. Bxd6 Qxd6 6. Nbd2 0-0 7. c4 b6 8. cxd5 exd5 9. Bd3 c5 10. 0-0 Bb7 11. Rc1 Nbd7 12. Bb1 Rfc8 13. b3 a5 14. Re1 g6 15. h3 Re8 16. Bd3 Rac8 17. Nb1 Qb8 18. Bb5 Re7 19. Nc3 1/2-1/2

[Event "GER-chT U16"]
[Site "Magdeburg"]
[Date "2023.12.29"]
[Round "6.5"]
[White "Semling, Johannes"]
[Black "Burns, Mikala Tristan"]
[Result "1-0"]
[WhiteElo "2147"]
[BlackElo "1819"]
[PlyCount "59"]
[EventDate "2023.12.26"]
[EventType "team-swiss"]
[EventRounds "7"]
[EventCountry "GER"]
[SourceTitle "CB03_2024"]
[SourceDate "2024.01.17"]
[SourceVersion "1"]
[SourceVersionDate "2024.01.17"]
[SourceQuality "1"]
[WhiteTeam "Baden-Baden"]
[BlackTeam "Dresden Gruen Weiss"]
[WhiteTeamCountry "GER"]
[BlackTeamCountry "GER"]

1. Nf3 Nf6 2. g3 g6 3. b3 Bg7 4. Bb2 0-0 5. Bg2 d6 6. d4 Nbd7 7. 0-0 c5 8. c4 Rb8 9. Nc3 a6 10. a4 cxd4 11. Nxd4 a5 12. Qc2 Nc5 13. Rad1 Qb6 14. Rfe1 Bd7 15. h3 Bc6 16. e4 Rfe8 17. Nd5 Nxd5 18. exd5 Bd7 19. Re3 Bf6 20. h4 h5 21. Kh2 Rbd8 22. Bc3 Qc7 23. Qd2 b6 24. Rde1 Qc8 25. Qe2 Bxd4 26. Bxd4 e5 27. dxe6 Rxe6 28. Bd5 Ree8 29. Qd2 Rf8 30. Rf3 1-0

[Event "GER-chT U14"]
[Site "Kelheim"]
[Date "2022.12.29"]
[Round "5"]
[White "Berresheim, Nils"]
[Black "Semling, Johannes"]
[Result "0-1"]
[WhiteElo "1755"]
[BlackElo "1794"]
[PlyCount "74"]
[EventDate "2022.12.26"]
[EventType "team-swiss"]
[EventRounds "7"]
[EventCountry "GER"]
[SourceTitle "CBM 212 Extra"]
[Source "ChessBase"]
[SourceDate "2023.03.31"]
[SourceVersion "1"]
[SourceVersionDate "2023.03.31"]
[SourceQuality "1"]
[WhiteTeam "Essen Katernberg"]
[BlackTeam "Baden-Baden"]
[WhiteTeamCountry "GER"]
[BlackTeamCountry "GER"]

1. c4 e6 2. g3 Nf6 3. Bg2 d5 4. Nc3 Be7 5. d4 0-0 6. Nf3 c6 7. 0-0 a5 8. Re1 Nbd7 9. Nd2 b6 10. e4 dxc4 11. Nxc4 Ba6 12. Ne3 b5 13. e5 Nd5 14. Ncxd5 cxd5 15. f4 Qb6 16. Kh1 b4 17. f5 Rfd8 18. Bf1 Rac8 19. Bxa6 Qxa6 20. Rf1 Bg5 21. Qg4 Bh6 22. f6 Qd3 23. Rd1 Rxc1 24. Raxc1 Qxe3 25. Rc7 Nb6 26. b3 Qe4+ 27. Qxe4 dxe4 28. Ra7 gxf6 29. exf6 Nd5 30. Rxa5 Nxf6 31. a3 bxa3 32. Rxa3 e3 33. b4 Rc8 34. Raa1 Nd5 35. g4 Nxb4 36. g5 Bg7 37. Ra3 e2 0-1

[Event "GER-chT Lands U20"]
[Site "Wiesbaden"]
[Date "2022.10.01"]
[Round "2.3"]
[White "Semling, Johannes"]
[Black "Besou, Hussain"]
[Result "0-1"]
[WhiteElo "1861"]
[BlackElo "2119"]
[PlyCount "110"]
[EventDate "2022.09.30"]
[EventType "team-swiss"]
[EventRounds "7"]
[EventCountry "GER"]
[SourceTitle "CBM 210 Extra"]
[Source "ChessBase"]
[SourceDate "2022.11.30"]
[SourceVersion "1"]
[SourceVersionDate "2022.11.30"]
[SourceQuality "1"]
[WhiteTeam "Baden U20"]
[BlackTeam "Nordrhein Westfalen U20"]
[WhiteTeamCountry "GER"]
[BlackTeamCountry "GER"]

1. Nf3 Nf6 2. g3 d5 3. Bg2 Bf5 4. c4 c6 5. 0-0 e6 6. d3 Be7 7. cxd5 exd5 8. Qb3 Qb6 9. Qc2 0-0 10. Nc3 h6 11. e4 dxe4 12. dxe4 Bh7 13. Be3 Qa6 14. Nd4 Nbd7 15. f3 Rfe8 16. Rad1 Rad8 17. Rfe1 Ne5 18. Bf2 Nd5 19. a3 Nxc3 20. Qxc3 c5 21. Nf5 Bf6 22. Rxd8 Rxd8 23. Ne7+ Kh8 24. Nd5 Nd3 25. Nxf6 Nxe1 26. Nh5 Qg6 27. Nf4 Nxf3+ 28. Bxf3 Qc6 29. Nd5 Qe6 30. Nf4 Qe8 31. Nh5 f6 32. Nxf6 gxf6 33. Qxf6+ Kg8 34. Bg4 Bg6 35. Be6+ Kh7 36. Bxc5 Bxe4 37. Be7 Rd1+ 38. Kf2 Qg6 39. Qe5 Bd3 40. Bc5 Rd2+ 41. Kg1 Re2 42. Qc7+ Qg7 43. Qd6 Be4 44. Qd4 Qxd4+ 45. Bxd4 Rg2+ 46. Kf1 Rxh2 47. b4 a6 48. a4 Rd2 49. Bc5 Kg6 50. a5 Bf5 51. Bc4 Bd3+ 52. Bxd3+ Rxd3 53. Kf2 Kf5 54. Bb6 Kg4 55. Bc7 Rd4 0-1

[Event "Reinstorf Blitz op"]
[Site "Reinstorf"]
[Date "2022.02.04"]
[Round "6"]
[White "Klein, Gernot"]
[Black "Semling, Johannes"]
[Result "1-0"]
[WhiteElo "1867"]
[BlackElo "1765"]
[PlyCount "73"]
[EventDate "2022.01.29"]
[EventType "swiss (blitz)"]
[EventRounds "9"]
[EventCountry "GER"]
[SourceTitle "CBM 206 Extra"]
[Source "ChessBase"]
[SourceDate "2022.03.31"]
[SourceVersion "1"]
[SourceVersionDate "2022.03.31"]
[SourceQuality "1"]

1. e4 c5 2. Nf3 d6 3. d4 cxd4 4. Nxd4 Nf6 5. Nc3 a6 6. Be3 e6 7. f3 h5 8. Qd2 Be7 9. 0-0-0 b5 10. h3 h4 11. Kb1 Bb7 12. Qf2 Nbd7 13. Bd3 Rc8 14. f4 Nc5 15. e5 dxe5 16. fxe5 Nd5 17. Nxd5 Qxd5 18. Nf3 Nxd3 19. Rxd3 Qc4 20. Rc3 Qa4 21. Rxc8+ Bxc8 22. Nd4 Bb7 23. Rf1 Rf8 24. Nb3 Qe4 25. Bc5 Qxe5 26. Bxe7 Kxe7 27. Nc5 Qd5 28. Qxh4+ f6 29. Nxb7 Qxb7 30. Qb4+ Kf7 31. Rd1 Re8 32. g4 Qf3 33. Rd7+ Kg6 34. a3 Qxh3 35. Qe4+ Kg5 36. Rxg7+ Kh4 37. Rh7+ 1-0

[Event "Reinstorf Blitz op"]
[Site "Reinstorf"]
[Date "2022.02.04"]
[Round "2"]
[White "Payyappat, Sayas"]
[Black "Semling, Johannes"]
[Result "0-1"]
[WhiteElo "1474"]
[BlackElo "1765"]
[PlyCount "52"]
[EventDate "2022.01.29"]
[EventType "swiss (blitz)"]
[EventRounds "9"]
[EventCountry "GER"]
[SourceTitle "CBM 206 Extra"]
[Source "ChessBase"]
[SourceDate "2022.03.31"]
[SourceVersion "1"]
[SourceVersionDate "2022.03.31"]
[SourceQuality "1"]

1. b3 d5 2. Bb2 c5 3. e3 Nc6 4. Bb5 a6 5. Bxc6+ bxc6 6. f4 Nf6 7. Nf3 g6 8. d3 Bg7 9. Nbd2 0-0 10. Qe2 a5 11. 0-0-0 a4 12. h3 axb3 13. axb3 Nd7 14. g4 Qa5 15. Nb1 Bxb2+ 16. Kxb2 Ba6 17. Qd2 Qb6 18. f5 c4 19. dxc4 Bxc4 20. Nc3 Nc5 21. Nd4 Rfb8 22. Ra1 Bxb3 23. cxb3 Nxb3 24. Nxb3 Qxb3+ 25. Kc1 Rxa1+ 26. Nb1 Rxb1# 0-1

[Event "Reinstorf Blitz op"]
[Site "Reinstorf"]
[Date "2022.02.04"]
[Round "7"]
[White "Semling, Johannes"]
[Black "Lalla, Karol"]
[Result "1-0"]
[WhiteElo "1765"]
[BlackElo "1520"]
[PlyCount "80"]
[EventDate "2022.01.29"]
[EventType "swiss (blitz)"]
[EventRounds "9"]
[EventCountry "GER"]
[SourceTitle "CBM 206 Extra"]
[Source "ChessBase"]
[SourceDate "2022.03.31"]
[SourceVersion "1"]
[SourceVersionDate "2022.03.31"]
[SourceQuality "1"]

1. e4 g6 2. d4 c5 3. dxc5 Qa5+ 4. c3 Bg7 5. Be3 Nc6 6. Nf3 Nf6 7. Nbd2 0-0 8. Be2 Ng4 9. Bd4 e5 10. Nb3 Qd8 11. Be3 Nxe3 12. fxe3 Qe7 13. 0-0 Rd8 14. Bc4 d6 15. cxd6 Rxd6 16. Qc2 Bg4 17. Rad1 Bxf3 18. Rxf3 Rxd1+ 19. Qxd1 Rd8 20. Qc2 Qh4 21. g3 Qg4 22. Rxf7 Kh8 23. Qe2 Rd1+ 24. Kf2 Qxe2+ 25. Bxe2 Rb1 26. Rxb7 Rxb2 27. Rc7 Nd8 28. Rxa7 Rc2 29. Ra8 Rxc3 30. Rxd8+ Bf8 31. Rxf8+ Kg7 32. Re8 Kf6 33. Rb8 Rc2 34. a4 Rb2 35. a5 Ra2 36. a6 h5 37. Nc5 g5 38. Rb6+ Kf7 39. Rb7+ Kf6 40. a7 Rb2 1-0

[Event "Reinstorf op"]
[Site "Reinstorf"]
[Date "2022.01.30"]
[Round "2"]
[White "Payyappat, Sayas"]
[Black "Semling, Johannes"]
[Result "0-1"]
[WhiteElo "1223"]
[BlackElo "1765"]
[PlyCount "110"]
[EventDate "2022.01.29"]
[EventType "swiss"]
[EventRounds "9"]
[EventCountry "GER"]
[SourceTitle "CBM 206 Extra"]
[Source "ChessBase"]
[SourceDate "2022.03.31"]
[SourceVersion "1"]
[SourceVersionDate "2022.03.31"]
[SourceQuality "1"]

1. e4 c5 2. f4 d5 3. e5 Nc6 4. Bb5 e6 5. Nf3 Nge7 6. c3 a6 7. Bxc6+ Nxc6 8. d4 Qb6 9. 0-0 Be7 10. b3 0-0 11. Be3 a5 12. Qd3 cxd4 13. Nxd4 Bc5 14. Rf3 Bxd4 15. Bxd4 Nxd4 16. cxd4 Bd7 17. Rh3 g6 18. Nd2 Bb5 19. Qe3 f6 20. Re1 Rac8 21. Nf3 Qc7 22. a4 Ba6 23. Rh4 Qc3 24. exf6 Rxf6 25. Ng5 Qxe3+ 26. Rxe3 Rcf8 27. g3 h5 28. Kf2 Re8 29. Kf3 b5 30. g4 hxg4+ 31. Kxg4 bxa4 32. bxa4 Ref8 33. Kg3 Re8 34. Rh7 Ref8 35. Rh4 Bc4 36. Kf3 Re8 37. Rg4 Kg7 38. Rg1 Ba6 39. Rb1 Bc8 40. Re5 Ref8 41. Nh3 Ba6 42. Rb6 Bf1 43. Ng5 Rxf4+ 44. Ke3 Kh6 45. Nxe6 Rf3+ 46. Kd2 Rf2+ 47. Kc1 Rc8+ 48. Nc5 Bc4 49. Ree6 Rg2 50. Kd1 Rf8 51. Nb7 Rf1+ 52. Re1 Be2+ 53. Kd2 Bg4+ 54. Kc3 Rf3+ 55. Re3 Rxe3# 0-1

[Event "GER-chT U12"]
[Site "Magdeburg"]
[Date "2021.08.07"]
[Round "6.4"]
[White "Semling, Johannes"]
[Black "Noennig, Jakob1111"]
[Result "1-0"]
[WhiteElo "1664"]
[BlackElo "1442"]
[PlyCount "117"]
[EventDate "2021.08.04"]
[EventType "team-swiss"]
[EventRounds "7"]
[EventCountry "GER"]
[SourceTitle "EXT 2022"]
[Source "ChessBase"]
[SourceDate "2021.10.06"]
[SourceVersion "1"]
[SourceVersionDate "2021.10.06"]
[SourceQuality "1"]
[WhiteTeam "Ohlsbach"]
[BlackTeam "Magdeburg Schachzwerge"]
[WhiteTeamCountry "GER"]
[BlackTeamCountry "GER"]

1. Nf3 Nc6 2. d4 d5 3. e3 Bf5 4. a3 e6 5. Nbd2 Nf6 6. Bb5 Bd6 7. 0-0 0-0 8. c4 Bd3 9. Re1 Ne7 10. Qb3 dxc4 11. Nxc4 Bg6 12. Nxd6 cxd6 13. Bd3 Bxd3 14. Qxd3 d5 15. Ne5 Qd6 16. Bd2 Nc6 17. Nxc6 Qxc6 18. Rec1 Qd7 19. Rc2 h6 20. Rac1 Rac8 21. f3 Rfd8 22. Ba5 b6 23. Be1 Ne8 24. Bh4 f6 25. Bg3 Kf7 26. Kf2 g6 27. h4 Kg7 28. Bh2 Kf7 29. h5 f5 30. hxg6+ Kxg6 31. g4 Ng7 32. Rc7 Rxc7 33. Rxc7 Qa4 34. Be5 Rd7 35. b3 Rxc7 36. bxa4 Rc1 37. Bxg7 Kxg7 38. gxf5 exf5 39. Qxf5 Ra1 40. Qd7+ Kf6 41. Qxa7 Ra2+ 42. Kg3 Ra1 43. Kf4 Rh1 44. Qxb6+ Ke7 45. Qc5+ Ke6 46. Qc6+ Ke7 47. Qxd5 Rh2 48. e4 Rh4+ 49. Kg3 Rh1 50. e5 Re1 51. Qd6+ Kf7 52. Qxh6 Ke7 53. Qf6+ Ke8 54. e6 Rg1+ 55. Kf4 Rg4+ 56. Kf5 Rf4+ 57. Kg6 Rg4+ 58. Kh5 Rh4+ 59. Qxh4 1-0

[Event "GER-chT U12"]
[Site "Magdeburg"]
[Date "2021.08.06"]
[Round "3.4"]
[White "Nhan, Jiehou"]
[Black "Semling, Johannes"]
[Result "0-1"]
[WhiteElo "1428"]
[BlackElo "1664"]
[PlyCount "66"]
[EventDate "2021.08.04"]
[EventType "team-swiss"]
[EventRounds "7"]
[EventCountry "GER"]
[SourceTitle "EXT 2022"]
[Source "ChessBase"]
[SourceDate "2021.10.06"]
[SourceVersion "1"]
[SourceVersionDate "2021.10.06"]
[SourceQuality "1"]
[WhiteTeam "Plettenberg"]
[BlackTeam "Ohlsbach"]
[WhiteTeamCountry "GER"]
[BlackTeamCountry "GER"]

1. e4 c5 2. c3 d5 3. e5 d4 4. Bc4 Nc6 5. Nf3 e6 6. d3 Nge7 7. Bf4 Ng6 8. Bg3 Be7 9. 0-0 0-0 10. Nbd2 dxc3 11. bxc3 Qc7 12. Rc1 Rd8 13. Re1 a6 14. Re3 b5 15. Bb3 Qb6 16. c4 Bb7 17. Ne4 Na7 18. Nfg5 h6 19. Nh3 Rd4 20. Qe1 Rad8 21. cxb5 axb5 22. Qe2 Bxe4 23. dxe4 c4 24. Bc2 Rd2 25. Qg4 Qd4 26. Ree1 Ba3 27. Rcd1 Qc3 28. Rxd2 Rxd2 29. Bb1 Nxe5 30. Qf4 Nac6 31. Kh1 Bd6 32. f3 Nd3 33. Qe3 Bc5 0-1

[Event "Bamberg op-B 3rd"]
[Site "Bamberg"]
[Date "2021.07.29"]
[Round "3"]
[White "Mattgey, Werner"]
[Black "Semling, Johannes"]
[Result "1/2-1/2"]
[WhiteElo "1703"]
[BlackElo "1642"]
[PlyCount "42"]
[EventDate "2021.07.28"]
[EventType "swiss"]
[EventRounds "7"]
[EventCountry "GER"]
[SourceTitle "EXT 2022"]
[Source "ChessBase"]
[SourceDate "2021.10.06"]
[SourceVersion "1"]
[SourceVersionDate "2021.10.06"]
[SourceQuality "1"]

1. e4 c5 2. c3 Nf6 3. e5 Nd5 4. d4 cxd4 5. cxd4 Nc6 6. Bc4 Nb6 7. Bb3 d5 8. Nc3 Bf5 9. a3 e6 10. f4 h6 11. Nf3 Be7 12. 0-0 0-0 13. Ne2 Rc8 14. Ba2 Na5 15. Bb1 Bxb1 16. Rxb1 Nbc4 17. b4 Nc6 18. Qd3 Qd7 19. Nd2 b5 20. Nb3 a6 21. Nc5 Bxc5 1/2-1/2